000 00387 a2200145 4500
005 20250607073554.0
020 _a978-0-07-352851-9
082 _aLECT 658.05 ANN
111 _aANNUAL EDITIONS.
245 _aInternational Business.
250 _a15th Ed.
260 _aBoston,
_bMcGraw-Hill,
_c2009.
300 _axvi, 173p.: ill.; chart, figure, picture, table
_c27cm.
942 _2ddc
_cBKS
999 _c3374
_d3374